000 01248nam a2200373Ia 4500
001 dia_1430
003 CHAP
005 20230628101637.0
008 220117s1993 xx 000 0 und d
010 _a177844
020 _a968-23-0059-2
040 _cCHAP
082 _a305.55983 D67 1993
100 _aDorfman, Ariel
_9162350
245 _aPara leer al pato Donald : comunicación de masas y colonialismo /
_c Ariel Dorfman y Armand Mattelart ; prólogo Héctor Schmucler
250 _a32a ed.
260 _aMéxico :
_b Siglo XXI,
_c1993
300 _a160 p.
440 _aSociología y política
_9108249
503 _aD.
590 _aHT690.C44 D67 1993
650 _aClase media
_xChile
_9162351
650 _aCommunication
_xPolitical aspects
_9162352
650 _aCommunication
_xSocial aspects
_9162353
650 _aComunicación
_xAspectos políticos
_9162354
650 _aComunicación
_xAspectos sociales
_9134834
650 _aMiddle classes
_xChile
_9162355
700 _aMattelart, Armand, aut.
_9162356
700 _aSchmucler, Héctor, prol.
_9162357
901 _a305.55983 D67 1993
902 _aM
905 _a5232271993 mx a 8222223322spa16
942 _cLIBRO
_2ddc
999 _c177844
_d177844